| 000 | 00412nam a2200157Ia 4500 | ||
|---|---|---|---|
| 008 | 221030s9999 xx 000 0 und d | ||
| 020 | _a9812358595 | ||
| 041 | _aEnglish | ||
| 082 |
_a105.23 _bHal |
||
| 100 | _aR. H. Hall | ||
| 245 | 0 |
_aOrganizations - Structures, Processes & Outcomes _cby R. H. Hall |
|
| 260 |
_bPearson Edcuation _aNew Delhi _c1999 |
||
| 300 | _a340 | ||
| 650 | _aBE Management | ||
| 942 | _cBK | ||
| 999 |
_c3196 _d3196 |
||